Statistics for Can you Name Every Six Flags Roller Coaster?

Click here to take the quiz!

General Stats

  • This quiz has been taken 141 times
  • The average score is 69 of 160

Answer Stats

HintAnswer% Correct
Six Flags Discovery Kingdom | Six Flags Fiesta Texas | Six Flags Great Adventure | +6 othersBatman The Ride
85%
La Ronde | Six Flags Fiesta Texas | Six Flags Great America | +2 othersGoliath
83%
Six Flags Discovery Kingdom | Six Flags Great Adventure | Six Flags Great America | +3 othersJoker
73%
Six Flags Great AdventureKingda Ka
73%
Six Flags MexicoWonder Woman
70%
Six Flags Magic MountainX2
64%
Six Flags Great AdventureEl Toro
63%
Six Flags Discovery Kingdom | Six Flags Great AdventureMedusa
63%
La Ronde | Six Flags Fiesta Texas | Six Flags Mexico | Six Flags St LouisBoomerang
61%
Six Flags Discovery Kingdom | Six Flags Great Adventure | Six Flags Great America | Six Flags Over GeorgiaSuperman Ultimate Flight
61%
Six Flags Great AdventureNitro
60%
Six Flags Magic MountainTatsu
60%
Six Flags Darien Lake | Six Flags Great America | Six Flags Magic MountainViper
60%
Six Flags New EnglandSuperman The Ride
58%
Six Flags Magic MountainTwisted Colossus
58%
Six Flags Over GeorgiaTwisted Cyclone
58%
Six Flags AmericaSuperman Ride of Steel
56%
Six Flags Great AdventureGreen Lantern
55%
Six Flags Over Texas | Six Flags St LouisMr Freeze Reverse Blast
55%
Six Flags Magic Mountain | Six Flags New EnglandRiddler's Revenge
55%
Six Flags Magic MountainSuperman Escape From Krypton
55%
Six Flags Over TexasNew Texas Giant
54%
Six Flags Magic Mountain | Six Flags St LouisNinja
54%
Six Flags Magic MountainScream
54%
Six Flags Fiesta TexasIron Rattler
53%
Six Flags Over TexasTitan
53%
Six Flags Magic MountainWest Coast Racers
48%
Six Flags America | Six Flags Darien LakeMind Eraser
45%
Six Flags New EnglandWicked Cyclone
45%
Six Flags Magic MountainFull Throttle
44%
La RondeVampire
44%
Six Flags Great AmericaMaxx Force
43%
Six Flags Fiesta Texas | Six Flags New England | Six Flags Over Texas | Six Flags St LouisPandemonium
43%
Six Flags Darien LakeRide of Steel
43%
Six Flags Magic MountainApocalypse
40%
Six Flags New EnglandBatman The Dark Knight
40%
Six Flags Great AmericaRaging Bull
40%
Six Flags Great Adventure | Six Flags Over TexasRunaway Mine Train
40%
Six Flags Fiesta Texas | Six Flags MexicoSuperman Krypton Coaster
40%
Six Flags Great AmericaX flight
39%
Six Flags Over GeorgiaDare Devil Dive
38%
Six Flags Great AdventureJersey Devil Coaster
38%
Six Flags Magic MountainNew Revolution
38%
Six Flags Discovery Kingdom | Six Flags Fiesta Texas | Six Flags Magic MountainRoad Runner Express
38%
Six Flags Magic MountainWonder Woman Flight Of Courage
38%
Six Flags St LouisAmerican Thunder
37%
Six Flags AmericaBatwing
37%
Great EscapeComet
37%
Frontier CityDiamond Back
37%
Six Flags AmericaFirebird
37%
Six Flags MexicoSuperman El Ultimo Escape
37%
Six Flags Darien LakeTantrum
37%
Great Escape | Six Flags New EnglandFlashback
36%
Six Flags MexicoMedusa Steel Coaster
36%
Six Flags AmericaRoar
36%
Six Flags Great AmericaAmerican Eagle
35%
Six Flags St LouisBoss
35%
Six Flags Fiesta TexasWonder Woman Golden Lasso Coaster
35%
Six Flags Discovery Kingdom | Six Flags Great AmericaFlash: Vertical Velocity
33%
Six Flags Over GeorgiaGeorgia Scorcher
33%
Six Flags AmericaJoker's Jinx
33%
Six Flags Fiesta TexasPoltergeist
33%
Frontier CitySilver Bullet
33%
Six Flags Great AdventureSkull Mountain
33%
Frontier CityWildcat
33%
Six Flags Great Adventure | Six Flags Great America | Six Flags MexicoDark Knight
31%
La RondeMonstre
31%
Six Flags Over TexasShock Wave
31%
Six Flags Darien Lake | Six Flags Discovery KingdomBoomerang Coast to Coaster
30%
Six Flags Great AmericaDemon
30%
Six Flags Darien LakePredator
30%
Six Flags Over GeorgiaGreat American Scream Machine
29%
Six Flags Discovery KingdomKong
29%
Great EscapeSteamin Demon
29%
Six Flags AmericaWild One
29%
Great Escape | Six Flags Magic MountainCanyon Blaster
28%
Six Flags Great AdventureHarley Quinn Crazy Train
28%
Six Flags AmericaRagin Cajun
28%
Six Flags New EnglandCatwoman's Whip
27%
Six Flags Fiesta TexasDr Diabolical's Cliffhanger
27%
Six Flags Magic MountainGold Rusher
27%
Six Flags St LouisScreamin Eagle
27%
Six Flags Great AmericaWhizzer
27%
La RondeEdnor
26%
Six Flags Over TexasJudge Roy Scream
26%
Six Flags Magic MountainMagic Flyer
26%
Six Flags Over GeorgiaRiddler Mindbender
26%
Great EscapeAlpine Bobsled
25%
Six Flags Over GeorgiaBlue Hawk
25%
Six Flags Discovery KingdomCobra
25%
Frontier CitySteel Lasso
25%
Frontier City | Great EscapeFrankie's Mine Train
24%
Six Flags New EnglandThunderbolt
24%
Six Flags Over TexasAquaman Power Wave
22%
Six Flags Over GeorgiaDahlonega Mine Train
22%
La RondeDragon
22%
Six Flags Over GeorgiaJoker Funhouse Coaster
22%
Six Flags Great AdventureLil Devil Coaster
22%
Six Flags Over TexasMini Mine Train
22%
Six Flags Over TexasRunaway Mountain
22%
Six Flags Magic MountainSpeedy Gonzales
22%
Six Flags America | Six Flags New EnglandGreat Chase
21%
Six Flags New EnglandGotham City Gauntlet
20%
Six Flags Over TexasLa Vibora
19%
Six Flags Great AmericaLittle Dipper
19%
Six Flags Darien LakeMoto Coaster
18%
Six Flags St LouisRiver King Mine Train
16%
Six Flags Discovery KingdomSidewinder Safari
13%
La RondeToboggan Nordique
13%
Six Flags Darien LakeHoot N Holler
12%
Six Flags MexicoTsunami
12%
Six Flags Great AmericaSprocket Rockets
10%
La RondeMarche Du Mille Pattes
9%
Six Flags Fiesta TexasStreamliner Coaster
9%
Six Flags Over TexasWile E Coyotes Grand Canyon Blaster
8%

Score Distribution

Percentile by Number Answered

Percent of People with Each Score

Your Score History

You have not taken this quiz